HTML programmer's reference: covers all version of html including 4

Na minha lista:
Detalhes bibliográficos
Autor principal: Thomas A Powell
Formato: Livro
Idioma:Undetermined
Publicado em: Berkeley, California McGraw-Hill 1998
Assuntos:
Tags: Adicionar Tag
Sem tags, seja o primeiro a adicionar uma tag!
Thư viện lưu trữ: Trung tâm Học liệu Trường Đại học Cần Thơ
LEADER 00673nam a2200193Ia 4500
001 CTU_37782
008 210402s9999 xx 000 0 und d
020 |b 209.000đ 
082 |a 005.7592 
082 |b P886 
100 |a Thomas A Powell 
245 0 |a HTML programmer's reference: covers all version of html including 4 
245 0 |c Thomas A Powell, Dan Whitworth 
260 |a Berkeley, California 
260 |b McGraw-Hill 
260 |c 1998 
650 |a computer programs - study and teaching,html ( document makup language ),internet ( computer network ) - study and teaching 
904 |i Minh, 000927 
980 |a Trung tâm Học liệu Trường Đại học Cần Thơ